000
00185nam a2200085 4500
001
1258420
005
20260310131014.0
245
_a
TEHLİKELİ OYUNLAR
_c
OĞUZ ATAY
260
_b
İLETİŞİM
999
_c
1258420
_d
1258420